| 000 | 00923nam a2200265 i 4500 | ||
|---|---|---|---|
| 001 | 186606 | ||
| 003 | SpMaBN | ||
| 005 | 20250801094943.0 | ||
| 008 | 161207s1962 fr |||| | fre d | ||
| 080 | _a875(082) | ||
| 080 | _a877.3(082) | ||
| 100 | 0 |
_aPhotius _cPatriarca de Constantinopla. _9161406 |
|
| 245 | 1 | 0 |
_aBibliothèque. _nIII / _cPhotius ; texte établi et traduit par René Henry. |
| 260 |
_aParis : _b"Les Belles Lettres", _c1962. |
||
| 300 |
_a1 v. ; _c20 cm. |
||
| 490 | 1 | _aCollection byzantine | |
| 505 | 8 |
_aContiene: t. III ; _t("Codices" 186-222) |
|
| 594 | _aTexto paralelo en francés y griego. | ||
| 650 | 7 |
_aLiteratura griega _2embne _914597 |
|
| 650 | 7 |
_aLiteratura bizantina _2embne _9161407 |
|
| 700 | 1 |
_aHenry, René. _962604 |
|
| 830 | 0 |
_aCollection byzantine _9225441 |
|
| 852 |
_aES-MaACL _jL-30990 _z. - Biblioteca Jacinto Martínez Lacalle |
||
| 999 |
_c186606 _d186606 |
||